| 000 | 00345nam a22001457a 4500 | ||
|---|---|---|---|
| 008 | 230626b ||||| |||| 00| 0 eng d | ||
| 020 | _a9780803625839 | ||
| 041 | _aeng | ||
| 080 |
_2SECOND EDITION _a610.73 |
||
| 082 | _a610.73SUL | ||
| 100 | _a8 | ||
| 101 | _aINF | ||
| 245 |
_aGUIDE TO CLINICAL DOCUMENTATION _cSULLIVAN.D |
||
| 942 |
_2udc _cBK |
||
| 999 |
_c60037 _d60037 |
||